000 00663nam a22002177a 4500
003 OSt
005 20251124094456.0
008 251124b |||||||| |||| 00| 0 eng d
020 _a 9780128141106
040 _aDWCL-Main lib
_cOC
082 _aRes. 620.004 G492a 2018
100 _aGindis, Elliot J.
245 _a AutoCAD 2018 2D Drafting and design/
_cElliot J. Gindis
260 _aLondon:
_bAcademic Press ,
_cc2018.
300 _a xvii, 563 pages :
_b illustrations ;
_c28cm.
504 _aIncludes index.
650 _a1. AutoCAD
650 _a2. Computer graphics
650 _a3. Computer-aided design
942 _2ddc
_cBK-0 CIRC
_kRes.
_n0
999 _c6044
_d6044